Statistics for Countries of Oceania Map Quiz

Click here to take the quiz!

General Stats

  • This quiz has been taken 242 times
    (215 since last reset)
  • The average score is 9 of 14

Answers on the Map

Answers color-coded by a green-red scale on the quiz's map according to % correct below.
 

Answer Stats

Answer% Correct
Australia
96%
Papua New Guinea
90%
New Zealand
87%
Fiji
73%
Kiribati
72%
Solomon Islands
69%
Micronesia
66%
Marshall Islands
63%
Palau
59%
Vanuatu
59%
Tonga
58%
Nauru
53%
Samoa
52%
Tuvalu
50%

Score Distribution

Percentile by Number Answered

Percent of People with Each Score

Your Score History

You have not taken this quiz since the last reset